Normal view
MARC view
- A-Z steps to leadership
Entry Topical Term
001 - CONTROL NUMBER
- control field: 112048
003 - CONTROL NUMBER IDENTIFIER
- control field: NUST
005 - DATE AND TIME OF LATEST TRANSACTION
- control field: 20230503074350.0
008 - FIXED-LENGTH DATA ELEMENTS
- fixed length control field: 230503|| aca||aabn | a|a d
040 ## - CATALOGING SOURCE
- Original cataloging agency: NUST
- Transcribing agency: NUST
150 ## - HEADING--TOPICAL TERM
- Topical term or geographic name entry element: A-Z steps to leadership
670 ## - SOURCE DATA FOUND
- Source citation: Work cat.: (NUST)186953: Barrie,Abdul Ghani Ahmed 112047, A-Z steps to leadership, 1997
